000 00719cam a2200193 a 4500
005 20140520110325.0
008 020515s2003 nyu b 001 0 eng
020 _a0195152247 (cloth : alk. paper)
020 _a0195152255 (paper : alk. paper)
245 0 0 _aTeaching Islam /
_cedited by Brannon M. Wheeler.
260 _aNew York :
_bOxford University Press,
_c2003.
300 _axxi, 226 p. ;
_c25 cm.
440 0 _aAAR teaching religious studies
504 _aIncludes bibliographical references and index.
650 0 _aIslam
_xStudy and teaching.
700 1 _aWheeler, Brannon M.,
_d1965-
856 4 2 _3Publisher description
_uhttp://www.loc.gov/catdir/enhancements/fy0613/2002071524-d.html
942 _2lcc
_cBK
999 _c35987
_d35987